000 00420nam a2200181Ia 4500
001 2988
005 20260306144847.0
008 260306t1992||||xx |||||||||||||| ||spa||
041 _aESP
082 _a239.1
_bC265
100 _aConferencia Episcopal Española
_eAUT
245 0 _aCatecismo de la iglesia católica
260 _c1992
300 _a
_c
650 _aGEN
654 _aCHU
942 _cLIB
_dJUS
_fJUS
_2ddc
_n
999 _c2988
_d2988